| 000 | 01030nab a2200253u 4500 | ||
|---|---|---|---|
| 001 | 15439 | ||
| 003 | HDC | ||
| 007 | c| |||a|c|aaaa | ||
| 008 | 210217b20131008my ||||| |||| 00| 0 may d | ||
| 040 | _aHDC | ||
| 245 | 0 | _aEksport produk halal lebih RM16 bilion | |
| 260 |
_aKuala Lumpur : _bThe New Straits Times Press (M) Bhd., _c2013 |
||
| 336 |
_atext _2rdacontent |
||
| 337 |
_acomputer _2rdamedia |
||
| 338 |
_aonline resource _2rdacarrier |
||
| 650 |
_aHalal Business Transformation (HBT) _915646 |
||
| 650 |
_aHalal Industry Development Corporation (HDC) _94944 |
||
| 710 |
_aBerita Harian _eissung body |
||
| 856 | _zRequest full-text at [email protected] | ||
| 856 | _zRequest full-text at [email protected] | ||
| 942 | _2lcc | ||
| 942 | _cNEWS | ||
| 942 | _kNWSC 003713 | ||
| 999 |
_c12755 _d12755 |
||